000 00515nam a2200181Ia 4500
005 20250508152243.0
008 008 250505s9999 xx 000 0 eng d
037 _aReference
040 _aFEDL
_beng
_cFEDL
041 _aeng
_2eng
084 _a371.425, EDW
_qFEDL
100 _aEdwards Reese
_9758330
245 0 _aVocational and occupational guidance
260 _aCambridge
_bW Heffer and Sons Limited
_c1940
300 _a116p.
942 _cREF
_h371.425, EDW
999 _c1335318
_d1335318